Physical and technical secirity : And introduction
Saved in:
| Main Author: | |
|---|---|
| Format: | Book |
| Language: | Undetermined |
| Published: |
Clifton Park, NY
Thomson Delmar Learning
2006
|
| Subjects: | |
| Tags: |
Add Tag
No Tags, Be the first to tag this record!
|
| Institutions: | Trung tâm Học liệu Trường Đại học Cần Thơ |
|---|
| LEADER | 00575nam a2200205Ia 4500 | ||
|---|---|---|---|
| 001 | CTU_128150 | ||
| 008 | 210402s9999 xx 000 0 und d | ||
| 020 | |c 1133000 | ||
| 082 | |a 621.3892 | ||
| 082 | |b G885 | ||
| 100 | |a Gruber, Robert | ||
| 245 | 0 | |a Physical and technical secirity : | |
| 245 | 4 | |b And introduction | |
| 245 | 0 | |c Robert Gruber | |
| 260 | |a Clifton Park, NY | ||
| 260 | |b Thomson Delmar Learning | ||
| 260 | |c 2006 | ||
| 650 | |a Private security services.,Security systems. | ||
| 904 | |i Minh | ||
| 980 | |a Trung tâm Học liệu Trường Đại học Cần Thơ | ||